Corol·la : Àngels Margarit : Novembre : Roser López Espinosa
Descripción Física:
1 targeta postal ; il. col. ; 11 x 15 cm
Idioma:
Catalán
MARC
| LEADER | 00000nkm a22000007a 4500 | ||
|---|---|---|---|
| 001 | 27681 | ||
| 003 | Arxiu | ||
| 005 | 20260324181513.0 | ||
| 008 | 230411b spa||||| |||| 00| 0 cat d | ||
| 017 | |a B 16038-2019 | ||
| 040 | |a agdb |b cat | ||
| 245 | |a Corol·la : Àngels Margarit : Novembre : Roser López Espinosa | ||
| 260 | |a Barcelona : |b Institut del Teatre ; |c 2019 | ||
| 300 | |a 1 targeta postal ; |b il. col. ; |c 11 x 15 cm | ||
| 490 | |a Dansa - Curs 2018-19. Coreografia i interpretació | ||
| 500 | |a Postal de la presentació dels espectacles de dansa "Corol·la" i "Novembre", realitzada el dia 19 de juny de 2019 a l'aula P4.S5 de l'Institut del Teatre. | ||
| 650 | 0 | |2 Arxiu |9 41437 |a Dansa |x Ensenyament | |
| 655 | 0 | |9 52685 |a Targetes postals | |
| 710 | 1 | |9 52662 |a Institut del Teatre (Barcelona, Catalunya) | |
| 942 | |2 udc |c ARXIU |n 1 | ||
| 952 | |0 0 |1 0 |2 udc |4 0 |6 NBM1721 |7 1 |9 66059 |a Arxiu |b Arxiu |d 2023-04-11 |l 0 |o NBM-17-21 |p 27681 |r 2023-04-11 00:00:00 |w 2023-04-11 |y ARXIU | ||
| 999 | |c 83339 |d 83339 | ||